01421cam a22003135a 45000010009000000050017000090080041000260100017000670200022000840200025001060400033001310820022001642450093001862600058002793000036003374900030003735000024004035040041004275200295004686500055007636500028008186510010008466530021008567000035008777000027009129420008009399990017009479520143009641217867920160303141920.0000919s2001 enka frb f001 0 eng d a 00048305  a0199636524 (pbk.) a9780199636525 (pbk.) aDLCbengcDLCdDLCdEG-ScBUE04a616.0792bEPI22200aEpitope mapping :ba practical approach /cedited by Olwyn M. R. Westwood, Frank C. Hay. aOxford ;aNew York :bOxford University Press,c2001. axviii, 284 p. :bill. ;c25 cm.0 aPractical approach series aIndex : p. 277-384. aIncludes bibliographical references. aAn epitope is a structural region of an antigen that is recognized by an antibody and is therefore central to the immune response. Epitope Mapping describes the various methods for their location and characterization. This process is an essential part of developing non-pathogenic vaccines. 0aAntigenic determinantsvLaboratory manuals.2BUEsh 0aEpitope Mapping.2BUEsh 2BUEsh bPPhrmcMarch20161 aWestwood, Olwyn M. R.eeditor.1 aHay, Frank C.eeditor. 2ddc c21313d21285 00102ddc40708ScientificaMAINbMAINc1STd2016-03-03ePurchaseg525.00h2l0o616.0792 EPIp000031870r2025-07-15 00:00:00v655.00yBB